Normal view
MARC view
Entry Personal Name
001 - CONTROL NUMBER
- control field: 2058
003 - CONTROL NUMBER IDENTIFIER
- control field: ARRUPE
005 - DATE AND TIME OF LATEST TRANSACTION
- control field: 20131003170317.0
008 - FIXED-LENGTH DATA ELEMENTS
- fixed length control field: 131003|| aca||aabn | a|a d
040 ## - CATALOGING SOURCE
- Original cataloging agency: ARRUPE
- Transcribing agency: ARRUPE
100 ## - HEADING--PERSONAL NAME
- Personal name: Dawkins, Richard,
- Dates associated with a name: 1941-
- Title of a work: God delusion.
670 ## - SOURCE DATA FOUND
- Source citation: Work cat.: (ARRUPE)0: Eagleton, Terry, 1943- 2056, Reason, faith, & revolution :, c2009.